| 000 | 01206nam a22002177a 4500 | ||
|---|---|---|---|
| 003 | OSt | ||
| 005 | 20260428093716.0 | ||
| 008 | 260325b |||||||| |||| 00| 0 eng d | ||
| 020 | _a9789942935823 | ||
| 082 | _29789942935823 | ||
| 100 | _aJuan Illicachi Guzñay, Amparo Lilián Cazorla Basantes, Ruth Tatiana Fonseca Morales y Gerardo Miguel Nieves Loja. | ||
| 245 | _aEl Kichwa en la academia: ¿Descolonización lingüística? | ||
| 250 | _a1ra edición | ||
| 260 |
_aEcuador _b Henry Patricio Moscoso Carrillo _c2019 |
||
| 300 |
_a 185 pag _bEl contenido no es solo texto; incluye gráficos e ilustraciones _c 14.8 cm x 21 cm |
||
| 490 | _3cartulina de alto gramaje | ||
| 520 | _aEl libro El Kichwa en la academia: ¿Descolonización lingüística? (2019) analiza la tensa relación entre los saberes ancestrales y el sistema universitario formal en Ecuador. A través de un enfoque sociológico y educativo, los autores cuestionan si la inclusión del kichwa en las aulas es un paso real hacia la justicia social o simplemente una formalidad institucional. | ||
| 650 |
_aEducación intercultural _xSociolingüística _yDescolonización |
||
| 700 | _aIllicachi Guzñay, Juan | ||
| 942 |
_2ddc _cBK _n0 |
||
| 999 |
_c2026 _d2026 |
||